>1>Show #9180 - Friday, October 11, 2024>div>
>Mark Fitzpatrick game 6.

Contestants

>[&lt;< previous game]

> href="showplayer.php?player_id=17706" rel="external">Dot White>, a clinical psychologist from Bethesda, Maryland

> href="showplayer.php?player_id=17707" rel="external">Eamonn Campbell>, a lawyer originally from Manchester, Vermont

> href="showplayer.php?player_id=17696" rel="external">Mark Fitzpatrick>, a content manager from Riverside, Connecticut (whose 5-day cash winnings total $107,201)

>[next game >>]

Jeopardy! Round

ble class="round"> <tr> <tr>able>
>A LITTLE DAY MUSIC
>td>
<tr> <tr>able>
>18th CENTURY HISTORY
>td>
<tr> <tr>able>
>MAKE IT SINGULAR
>td>
<tr> <tr>able>
>TRANSPORT USA
>td>
<tr> <tr>able>
>LET'S HEAR IT FOR ANIMAL MOMS
>td>
<tr> <tr>able> </tr> <tr> </tr> <tr> </tr> <tr> </tr> <tr> </tr> <tr> </tr> <tr> </tr> <tr> </tr> <tr> </tr> <tr> </tr> <tr> </tr> <tr> </tr> <tr> </tr> <tr> </tr> <tr> </tr> <tr> </tr> <tr> </tr> <tr> </tr> <tr> </tr> <tr> </tr> <tr> </tr> <tr> </tr> <tr> </tr> <tr> </tr> <tr> </tr> <tr> </tr> <tr> </tr> <tr> </tr> <tr> </tr> <tr> </tr> <tr> </tr> <tr> </tr> <tr> </tr> <tr> </tr> <tr> </tr> <tr> </tr>
>JUST DOIN' MY JOB
>td>
<tr> <td>
>&#160;   >$200 > href="suggestcorrection.php?clue_id=527529" title="Suggest a correction for this clue" rel="nofollow">30>td>
>The name of this> Bay Area pop punk band is slang for "sunlit hours given over to smoking pot" <tr> <td>
>&#160;   >$200 > href="suggestcorrection.php?clue_id=527509" title="Suggest a correction for this clue" rel="nofollow">5>td>
>The first of this pair of battles on April 19, 1775 lasted a few minutes around sunrise; the second took longer until around sunset <tr> <td>
>&#160;   >$200 > href="suggestcorrection.php?clue_id=527522" title="Suggest a correction for this clue" rel="nofollow">16>td>
>Alumni
(7 letters)
<tr> <td>
>&#160;   >$200 25>td>
In this city with more fabled transit options, the No. 8 Muni bus & a little walking will take you from Pier 39 to Chinatown >Mark>d class="right">Eamonn>tr>>td> </tr> able> <tr> <td>
>&#160;   >$200 22>td>
Dad must be relieved when mom of the Emperor species of this returns from a long trek to the ocean & regurgitates fish for the chick <tr> <td>
>&#160;   >$200 21>td>
3 letters, dealing with numbers; an exam section for it is called auditing & attestation; the exam itself takes 16 hours <tr> <td>
>&#160;   $400 27>td>
Real name Scott Mescudi, >this rapper was just 24 when he released his hit debut single "Day 'N' Nite" <tr> <td>
>&#160;   $400 4>td>
Once he had 32 as a freezing point, he put the thermometer in his armpit & was happy to find his body temp was close to a neat 3 x 32 <tr> <td>
>&#160;   $400 9>td>
Bison <tr> <td>
>&#160;   $400 12>td>
Upon reflection, it probably wasn't the best look for the brand when this bus line owned a meatpacking company from 1970 to 1983 <tr> <td>
>&#160;   $400 23>td>
This time period, from the Latin for "carrying", can test any mom's patience: for an elephant, it can be 22 months & an octopus, 53 <tr> <td>
>&#160;   $400 20>td>
A work crew leader; a jury leader (less remunerative) <tr> <td>
>&#160;   $600 26>td>
Ice Cube said he was inspired to write this hit "in a state of euphoria"; "I gotta say..." <tr> <td>
>&#160;   $600 3>td>
This land's Choson Dynasty was troubled by Prince Sado, who kept killing eunuchs & was left to die in a rice chest >Mark>d class="wrong">Eamonn>tr>>able width="100%">r>d class="wrong">Triple Stumper>tr>>td> </tr> able> <tr> <td>
>&#160;   $600 > href="suggestcorrection.php?clue_id=527513" title="Suggest a correction for this clue" rel="nofollow">8>td>
>Strata <tr> <td>
>&#160;   $600 > href="suggestcorrection.php?clue_id=527516" title="Suggest a correction for this clue" rel="nofollow">11>td>
>PA is for Port Authority in this acronym for the train that's a vital link between Manhattan & New Jersey <tr> <td>
>&#160;   $600 > href="suggestcorrection.php?clue_id=527520" title="Suggest a correction for this clue" rel="nofollow">14>td>
>Talk about a passel of kids-->this North American marsupial can give birth to as many as 20 babies at a time, each no larger than a bee <tr> <td>
>&#160;   $600 > href="suggestcorrection.php?clue_id=527526" title="Suggest a correction for this clue" rel="nofollow">19>td>
>Field general; millions look at every move you make... & critique it; Otto Graham & Russell Wilson, good examples <tr> <td>
>&#160;   $800 > href="suggestcorrection.php?clue_id=527532" title="Suggest a correction for this clue" rel="nofollow">28>td>
>"Thursday I don't care about you, it's" this Cure title <tr> <td>
>&#160;   DD: $1,000 > href="suggestcorrection.php?clue_id=527507" title="Suggest a correction for this clue" rel="nofollow">2>td>
>This North American colonial empire seen on 16th century maps as Gallia Nova ended with the fall of Quebec & Montreal <tr> <td>
>&#160;   $800 > href="suggestcorrection.php?clue_id=527514" title="Suggest a correction for this clue" rel="nofollow">7>td>
>Codices <tr> <td>
>&#160;   $800 > href="suggestcorrection.php?clue_id=527517" title="Suggest a correction for this clue" rel="nofollow">10>td>
>When the ferry can't go, Madeline Island in Lake Superior is accessible by this> 2-word conduit, also in the title of a TV show <tr> <td>
>&#160;   $800 > href="suggestcorrection.php?clue_id=527521" title="Suggest a correction for this clue" rel="nofollow">15>td>
>Hens dissolve their own bones if needed to get this element to make shells for their young <tr> <td>
>&#160;   $800 > href="suggestcorrection.php?clue_id=527527" title="Suggest a correction for this clue" rel="nofollow">18>td>
>Knows the proper use of propofol; can count to 16 (letters in the job); can tell people to count backward from 100 <tr> <td>
>&#160;   $1000 29>td>
"Six o'clock already I was just in the middle of a dream", begins this Bangles hit that Prince wrote <tr> <td>
>&#160;   $1000 1>td>
On April 28, 1789 Fletcher Christian of the Royal Navy embarked on this new car"eer" <tr> <td>
>&#160;   $1000 6>td>
Graffiti:
>graffiti or this
<tr> <td>
>&#160;   $1000 > href="suggestcorrection.php?clue_id=527519" title="Suggest a correction for this clue" rel="nofollow">13>td>
>2,200 trains a day run between Boston & Washington, D.C. in what Amtrak calls the Northeast this type of passageway <tr> <td>
>&#160;   $1000 > href="suggestcorrection.php?clue_id=527536" title="Suggest a correction for this clue" rel="nofollow">24>td>
>Aphids can produce young through this "virgin birth" method with no mating & produce pregnant babies holding more young <tr> <td>
>&#160;   $1000 > href="suggestcorrection.php?clue_id=527528" title="Suggest a correction for this clue" rel="nofollow">17>td>
>There's a fluid specific to your specific job; applying makeup can be part of it; preserving more than dignity

Scores at the first commercial break (after clue 15):

Mark Eamonn Dot
$800 $2,000 $800

Scores at the end of the Jeopardy! Round:

Mark Eamonn Dot
$200 $3,000 $3,200

Double Jeopardy! Round

ble class="round">
<tr> <tr>able>
>RUSSIAN GEOGRAPHY
>td>
<tr> <tr>able>
>TV CHARACTERS
>td>
<tr> <tr>able>
>TERRITORIAL GOVERNORS
>td>
<tr> <tr>able>
>I'M HIM
>td>
<tr> <tr>able>
>WOMEN AUTHORS
>td>
<tr> <tr>able> </tr> <tr> </tr> <tr> </tr> <tr> </tr> <tr> </tr> <tr> </tr> <tr> </tr> <tr> </tr> <tr> </tr> <tr> </tr> <tr> </tr> <tr> </tr> <tr> </tr> <tr> </tr> <tr> </tr> <tr> </tr> <tr> </tr> <tr> </tr> <tr> </tr> <tr> </tr> <tr> </tr> <tr> </tr> <tr> </tr> <tr> </tr> <tr> </tr> <tr> </tr> <tr> </tr> <tr> </tr> <tr> </tr> <tr> </tr> <tr> </tr> <tr> </tr> <tr> </tr> <tr> </tr> <tr> </tr> <tr> </tr> able> >Scores at the end of the Double Jeopardy! Round:
>STARTS & ENDS WITH "T"
>td>
<tr> <td>
>&#160;   $400 > href="suggestcorrection.php?clue_id=527550" title="Suggest a correction for this clue" rel="nofollow">22>td>
>This city was Russia's capital from 1712 until just after the 1917 Revolution <tr> <td>
>&#160;   $400 > href="suggestcorrection.php?clue_id=527543" title="Suggest a correction for this clue" rel="nofollow">11>td>
>2022 gave us the last episode of this weepy NBC drama that featured characters like Randall, Kate & Kevin>td> <tr> <td>
>&#160;   $400 > href="suggestcorrection.php?clue_id=527560" title="Suggest a correction for this clue" rel="nofollow">30>td>
>Arkansas Gov. James Miller was once famous for his quote, "I will try, sir!" during this early 19th century war <tr> <td>
>&#160;   $400 > href="suggestcorrection.php?clue_id=527563" title="Suggest a correction for this clue" rel="nofollow">29>td>
>In 1992 I died in Little Rock, Arkansas after founding the largest retail sales chain in the United States <tr> <td>
>&#160;   $400 27>td>
She dedicated "Frankenstein" to her father William Godwin <tr> <td>
>&#160;   $400 28>td>
It can refer to a sequence of RNA, or a written record of what was said orally <tr> <td>
>&#160;   $800 23>td>
Basically all of Russia east of the Ural Mountains, this region's name may come from a Tatar word meaning "sleeping land" <tr> <td>
>&#160;   $800 9>td>
Aka Leopold Stotch, this "South Park" lad has a feminine alter-ego named Marjorine <tr> <td>
>&#160;   $800 25>td>
In 1941 its governor, Joseph Poindexter, protested the transfer of some of the Pacific Fleet to the Atlantic <tr> <td>
>&#160;   $800 > href="suggestcorrection.php?clue_id=527553" title="Suggest a correction for this clue" rel="nofollow">16>td>
>As mayor of Flavortown, I've brought my frosted tips to diners & drive-ins & even some dives <tr> <td>
>&#160;   $800 > href="suggestcorrection.php?clue_id=527565" title="Suggest a correction for this clue" rel="nofollow">26>td>
>Called "zippy, zesty, and zotty", this debut novel cooked up by Bonnie Garmus became a streaming series starring Brie Larson <tr> <td>
>&#160;   $800 > href="suggestcorrection.php?clue_id=527556" title="Suggest a correction for this clue" rel="nofollow">20>td>
>I'm afraid you're this again, young person, absent from school without permission <tr> <td>
>&#160;   $1200 > href="suggestcorrection.php?clue_id=527541" title="Suggest a correction for this clue" rel="nofollow">6>td>
>Because of a dispute over the Kuril Islands in the western Pacific, Russia & this nation have never signed a treaty ending WWII <tr> <td>
>&#160;   $1200 > href="suggestcorrection.php?clue_id=527545" title="Suggest a correction for this clue" rel="nofollow">7>td>
>On the Apple TV+ show "Dark Matter" she> plays Daniela Dessen, who exists in more than one timeline <tr> <td>
>&#160;   $1200 > href="suggestcorrection.php?clue_id=527562" title="Suggest a correction for this clue" rel="nofollow">24>td>
>Before his brief time as U.S. president, he served 12 years as governor of the Indiana Territory <tr> <td>
>&#160;   $1200 > href="suggestcorrection.php?clue_id=527549" title="Suggest a correction for this clue" rel="nofollow">12>td>
>My 1905 "Clair De Lune"> shares its name with a poem by Paul Verlaine <tr> <td>
>&#160;   DD: $5,800 > href="suggestcorrection.php?clue_id=527538" title="Suggest a correction for this clue" rel="nofollow">4>td>
>You can breathe easier knowing that Terry McMillan wrote a sequel to this novel called "Getting to Happy" <tr> <td>
>&#160;   $1200 19>td>
7-letter word for a decorative crest of hair on the crown of the head <tr> <td>
>&#160;   $1600 5>td>
>This 750-mile-long Russian territory between the Sea of Okhotsk & the Bering Sea is home to 29 active volcanoes <tr> <td>
>&#160;   $1600 8>td>
First name Gregory, this pill-popping title doctor woke up in a burning building in the 2012 series finale <tr> <td>
>&#160;   DD: $2,800 13>td>
Frank Franz served as an Indian agent of the Osage Agency before becoming this territory's last governor in 1906 <tr> <td>
>&#160;   $1600 15>td>
I lasted 11 days as White House communications director in July 2017 >Mark>d class="right">Eamonn>tr>>td> </tr> able> <tr> <td>
>&#160;   $1600 3>td>
Joan Didion established her reputation as an essayist with her 1968 collection "Slouching Towards" this place <tr> <td>
>&#160;   $1600 18>td>
This metal stand of 3 legs is used to hold cooking vessels over a fire <tr> <td>
>&#160;   $2000 1>td>
It has a short name at just 2 letters, but it flows 2,268 miles across Russia as the 7th-longest river in the world <tr> <td>
>&#160;   $2000 10>td>
On "The Boys", Jessie Usher plays >this speedy superhero with a name familiar from a Duke Ellington number <tr> <td>
>&#160;   $2000 14>td>
Florida Gov. William Pope Duval tried to be fair to these people; the wars named for them were before & after his 1822-1834 tenure <tr> <td>
>&#160;   $2000 17>td>
They call me the prince of humanism & the greatest scholar of the Northern Renaissance, but you can call me Desi <tr> <td>
>&#160;   $2000 2>td>
In a letter to pen pal across the sea Harriet Beecher Stowe, she discussed her own novel "Daniel Deronda" <tr> <td>
>&#160;   $2000 21>td>
Seize the day>--heavy projectiles could be hurled from one of >these in the Middle Ages
Mark Eamonn Dot
>$4,800 >$12,200 $10,400
>td> >td>
> href="wageringcalculator.php?a=12200&b=10400&c=4800&player_a=Eamonn&player_b=Dot&player_c=Mark">[wagering suggestions for these scores]

>Final Jeopardy! Round
</table> </tr> <tr> able> >Final scores:
>WORLD POLITICAL HISTORY
>td>
<tr> <td id="clue_FJ" class="clue_text">William Whitelaw & John Peyton were also-rans in a 1975 leadership vote with this victor
>MarkWho is Thanks for a fun day?>tr>r>$0>tr>r>>DotWho is Washing ?>tr>r>$599>tr>r>>EamonnWho is Thacher?>tr>r>$1,500>tr>table>(Margaret) Thatcher>td> </tr>
r id="clue_FJ_stuck">
Mark Eamonn Dot
>$4,800 >$13,700 $9,801
>3rd place: $2,000 >New champion: $13,700 2nd place: $3,000
>Game dynamics: Game dynamics graph

>Coryat scores:

Mark Eamonn Dot
$10,400 >$12,200 $10,400
15 R
>(including 1 DD),
8 W
>(including 2 DDs)
>19 R,
3 W
14 R,
1 W
> href="help.php#combinedcoryat">Combined Coryat>: $33,000 > href="showgameresponses.php?game_id=9024&highlight=..." rel="external">[game responses]> <a href="showscores.php?game_id=9024&highlight=..." rel="external">[game scores]> <a href="suggestcorrection.php?game_id=9024" rel="nofollow">[suggest correction]>h4>
>Game tape date: 2024-06-05
The J! Archive is created by fans, for fans. Scraping, republication, monetization, and malicious use prohibited; this site may use cookies and collect identifying information. See terms. The Jeopardy! game show and all elements thereof, including but not limited to copyright and trademark thereto, are the property of Jeopardy Productions, Inc. and are protected under law. This website is not affiliated with, sponsored by, or operated by Jeopardy Productions, Inc. Join the discussion at JBoard.tv.